| Registos Bibliográficos associados ao registo de autoridade |
|
Etiqueta de registo: 00254nam 2200025 450 001 2215403 003 http://id.bnportugal.gov.pt/bib/catbnp/2215403 100 ## $a20250523d1963 m y0pory01030103ba 101 0# $apor 102 ## $aPT 105 ## $aa z 000zy 106 ## $ar 200 1# $aVI Jogos Florais (II Nacionais)$e1962$forg. Grupo Desportivo da CUF 210 #9 $a[S.l.]$cGrupo Desportivo da CUF,$dimp. 1963 215 ## $a139, [1] p.$cil.$d21 cm 317 ## $aBiblioteca Matilde Rosa Araújo$5PTBN: L. 181723 V. 675 ## $a821.134.3-82"19"$vBN$zpor$3429156 675 ## $a7.079$vBN$zpor$31710579 710 02 $aJogos Florais,$d6,$f1962$31955956 711 02 $aJogos Florais Nacionais,$d2,$f1962$4070$31955957 712 02 $aGrupo Desportivo da CUF$4340$37780 801 #0 $aPT$bBN$gRPC 966 ## $lBN$mFGMON$pBiblioteca Matilde Rosa Araújo$sL. 181723 V.$x3 971 ## $casantos$d20250523 972 ## $e0$z0$d20260513$vlrevez 973 ## $cigoulao$d20260504
|
|
|